| 000 | 00566nam a22001937a 4500 | ||
|---|---|---|---|
| 005 | 20260417152105.0 | ||
| 010 | _aENG-148328 | ||
| 020 |
_a9789354439575 _c650.00 |
||
| 035 | _aEN-131860 | ||
| 037 | _bDBAD | ||
| 082 |
_a650.072 _21 |
||
| 100 |
_aJenamani, Mamata _988963 |
||
| 245 |
_aIntroduction To E-Business/ _cMamata Jenamani |
||
| 250 | _a1 | ||
| 260 |
_aDelhi _bPHI Learning _c2025 |
||
| 270 |
_aRimjhim House, 111, Patparganj Industrial Estate, _bDelhi _e110092 |
||
| 300 |
_a312p.: _c24cm(pb) _bIndex |
||
| 942 |
_2ddc _cEN _h650.072 _mJEN |
||
| 999 |
_c215948 _d215948 |
||